000 00380cam a2200145ua 4500
041 _aeng
_h
082 _a823.301
_bROB/MO
100 _aRobinson, Margery M .
245 _aMore merrytown tales /
_cMargery M Robinson.
_hTextual Documents
260 _aLondon :
_bUniverstiy of London Press Ltd ,
_c1960.
300 _a64 ; .
504 _a
942 _cBK
999 _c3892
_d3892